WW2 major events - Statistics

General Stats
  • This quiz has been taken 79 times
  • The average score is 15 of 28
Answer Stats
Hint Answer % Correct
Country invaded on 1st September 1939, sparking WW2 Poland
97%
Name of the war between Finland and USSR (Nov 1939 - March 1940) Winter War
81%
The name of the day the Allied Invasion of Normandy took place (June 6th 1944) D-Day
80%
Country surrendering to the Germans on June 25th 1940 France
80%
Country invaded by Germany en route to France (May 1940) Belgium
78%
Name of German Operation to invade the USSR (June 1941) Operation Barbarossa
72%
Town where the bulk of the BEF escaped France Dunkirk
70%
First city in history hit with an atomic bomb Hiroshima
68%
Major city finally taken by the Soviets (May 2nd 1945) Berlin
67%
Last city nuked in history (so far) Nagasaki
67%
Italian island invaded on (July 1943) Sicily
64%
Costliest Urban battle of the war (July 1942 - February 1943) Battle of Stalingrad
62%
American harbour surprise attacked by the Japanese on the 7th December 1941 Pearl Harbour
61%
Country that surrendered to the allies and was promptly occupied by Germany (Sept 1943) Italy
58%
Aerial Battle fought over the UK (June-Oct 1940) Battle of Britain
54%
Turning point of Pacific War (June 1942) Battle of Midway
52%
German city firebombed on 13th Feb 1945, killing ~ 25,000 people Dresden
52%
Longest siege of WW2, lasting 872 days (Sept 1941 - January 1944) Siege of Leningrad
52%
Region of China first invaded by the Japanese on 18th September 1931 Manchuria
51%
City in which Japan committed massive atrocities (more than normal) Nanjing
48%
Decisive battle in the African Campaign won by the British (Oct-Nov 1942) 2nd Battle of El Alamein
39%
Sight of the largest surrender in British History (Feb 1942) Singapore
32%
Vital port in Libya sieged by the Germans/Italians Tobruk
22%
Large scale Soviet Offensive (June-August 1944) Operation Bagration
16%
Pocket in which Army Group Center were surrounded in during Operation Bagration Kursk Pocket
14%
German Operation for the invasion of Denmark and Norway (April 9th - June 10th 1940) Operation Weserubung
14%
Town where the 51st Highland Division made their last stand during the fall of France St Valery en Caux
4%
Pocket which the allies failed to properly exploit in France during the Battle of Normandy Falaise Pocket
3%
No matching quizzes found
Score Distribution
Percent of People with Each Score
Percentile by Number Answered
Your Score History
You have not taken this quiz